[Event "2025 Welsh Closed Chess Championship"]
[Site "Mercure Cardiff North Hotel, Circle Way East, Llanedeyrn, Cardiff CF23 9XF"]
[Date "2025.04.18"]
[Round "2"]
[Board "12"]
[White "Tuson, Jon"]
[Black "Binks, Michael"]
[Result "1-0"]
[WhiteElo "1806"]
[BlackElo "1937"]
[PlyCount "55"]
[GameId "2191925172845695"]
[EventDate "2025.04.18"]
[EventRounds "7"]
[EventCountry "WLS"]

1. Nf3 d5 2. d4 Nf6 3. c4 c6 4. Nc3 e6 5. Bg5 Nbd7 6. e3 a6 7. c5 b6 8. cxb6 Qxb6 9. Qc2 c5 10. Be2 cxd4 11. Nxd4 e5 12. Nf3 Rb8 13. b3 Bb7 14. O-O Rc8 15. Qb2 Bb4 16. Na4 Qd6 17. a3 Ba5 18. b4 Bc7 19. Nc5 Rb8 20. Rac1 e4 21. Bf4 exf3 22. Bxd6 fxe2 23. Qxe2 Bxd6 24. Nxb7 Be7 25. Rc7 O-O 26. Rfc1 Bd8 27. Nxd8 Rfxd8 28. Qxa6 1-0

[Event "2025 Welsh Closed Chess Championship"]
[Site "Mercure Cardiff North Hotel, Circle Way East, Llanedeyrn, Cardiff CF23 9XF"]
[Date "2025.04.18"]
[Round "2"]
[Board "13"]
[White "Mckenna, Joshua"]
[Black "Thomas, Roy"]
[Result "0-1"]
[WhiteElo "1705"]
[BlackElo "1855"]
[PlyCount "118"]
[GameId "2191925172853888"]
[EventDate "2025.04.18"]
[EventRounds "7"]
[EventCountry "WLS"]

1. e4 c5 2. Nf3 d6 3. d4 cxd4 4. Nxd4 Nf6 5. Nc3 a6 6. f3 e6 7. Be3 Be7 8. Qd2 O-O 9. g4 Nbd7 10. h4 Qc7 11. h5 Ne5 12. g5 Ne8 13. O-O-O b5 14. g6 fxg6 15. f4 Ng4 16. hxg6 h6 17. Bh3 e5 18. Nd5 Qb7 19. Nxe7+ Qxe7 20. Nc6 Qb7 21. Qd5+ Kh8 22. Bxg4 Bxg4 23. Rdg1 Rc8 24. Rxg4 Qxc6 25. Qxc6 Rxc6 26. f5 Kg8 27. Rgh4 Nf6 28. Rd1 Rfc8 29. Rd2 Kf8 30. Rg2 Ke7 31. Rgh2 Rc4 32. Bxh6 gxh6 33. Rxh6 Rxe4 34. g7 Rg8 35. Rg6 Rg4 36. Rh8 Rxg6 37. fxg6 Ke6 38. Rh3 a5 39. Rc3 Rxg7 40. Rc8 Rxg6 41. Ra8 Ne4 42. c3 Rg1+ 43. Kc2 Rg2+ 44. Kb3 Nc5+ 45. Ka3 b4+ 46. cxb4 axb4+ 47. Kxb4 Rxb2+ 48. Kc3 Rb6 49. Rh8 Kd5 50. Rh4 Ra6 51. Kb2 e4 52. Rh5+ Kd4 53. Rh4 Kd3 54. Rh5 e3 55. Kc1 e2 56. Rh3+ Ke4 57. Kd2 Rxa2+ 58. Ke1 Nd3+ 59. Rxd3 Kxd3 0-1

[Event "2025 Welsh Closed Chess Championship"]
[Site "Mercure Cardiff North Hotel, Circle Way East, Llanedeyrn, Cardiff CF23 9XF"]
[Date "2025.04.19"]
[Round "3"]
[Board "1"]
[White "Camacho Collados, Jose"]
[Black "Kett, Tim"]
[Result "1-0"]
[WhiteElo "2316"]
[BlackElo "2089"]
[PlyCount "76"]
[GameId "2191925433628303"]
[EventDate "2025.04.18"]
[EventRounds "7"]
[EventCountry "WLS"]

1. Nf3 Nf6 2. g3 g6 3. b3 Bg7 4. Bb2 O-O 5. Bg2 c5 6. O-O Nc6 7. c4 d6 8. d4 cxd4 9. Nxd4 Bd7 10. Nc3 Rc8 11. Rc1 a6 12. Qd2 Nxd4 13. Qxd4 Bc6 14. Nd5 Bxd5 15. Bxd5 Nh5 16. Qd2 Bxb2 17. Qxb2 Qb6 18. Rfd1 Nf6 19. Bg2 Rc7 20. Rd2 Qc5 21. b4 Qf5 22. Qd4 Rfc8 23. Rdc2 d5 24. c5 e5 25. Qd3 Qe6 26. e3 Rd8 27. c6 Rxc6 28. Rxc6 bxc6 29. Qxa6 Rd6 30. a4 Kg7 31. Qb6 Nd7 32. Qc7 e4 33. Bh3 f5 34. b5 cxb5 35. axb5 Kh6 36. Rc6 Rxc6 37. Qxc6 Qxc6 38. bxc6 Nb6 1-0

[Event "2025 Welsh Closed Chess Championship"]
[Site "Mercure Cardiff North Hotel, Circle Way East, Llanedeyrn, Cardiff CF23 9XF"]
[Date "2025.04.19"]
[Round "3"]
[Board "2"]
[White "Cave, Iwan"]
[Black "Harakis, Alexis M"]
[Result "1-0"]
[WhiteElo "2056"]
[BlackElo "2224"]
[PlyCount "41"]
[GameId "2191925433673360"]
[EventDate "2025.04.18"]
[EventRounds "7"]
[EventCountry "WLS"]

1. e4 e6 2. d4 d5 3. Nd2 a6 4. Ngf3 c5 5. dxc5 Bxc5 6. Bd3 Nf6 7. O-O dxe4 8. Nxe4 Nxe4 9. Bxe4 Qxd1 10. Rxd1 Nd7 11. a4 Nf6 12. Bd3 b6 13. Bg5 Bb7 14. Nd2 O-O-O 15. Nc4 Rd4 16. h3 Nd7 17. b4 Bxb4 18. c3 Rd5 19. cxb4 Rxg5 20. Nd6+ Kb8 21. Nxb7 1-0

[Event "2025 Welsh Closed Chess Championship"]
[Site "Mercure Cardiff North Hotel, Circle Way East, Llanedeyrn, Cardiff CF23 9XF"]
[Date "2025.04.19"]
[Round "3"]
[Board "3"]
[White "Young, Alan"]
[Black "Blackburn, Jonathan L B"]
[Result "0-1"]
[WhiteElo "1991"]
[BlackElo "2205"]
[PlyCount "94"]
[GameId "2191925433685649"]
[EventDate "2025.04.18"]
[EventRounds "7"]
[EventCountry "WLS"]

1. e4 e6 2. d4 d5 3. e5 c5 4. c3 Nc6 5. Nf3 Nge7 6. Bd3 Nf5 7. dxc5 Bxc5 8. b4 Bb6 9. O-O h6 10. Nbd2 g5 11. b5 Na5 12. Bxf5 exf5 13. e6 Bxe6 14. Ba3 Qc7 15. c4 dxc4 16. Bb2 O-O-O 17. Be5 Qc5 18. Bxh8 Rxh8 19. Nb3 Nxb3 20. axb3 g4 21. Nd2 Rd8 22. bxc4 Qd4 23. Ra2 Kb8 24. Qb1 h5 25. Rc2 h4 26. Nb3 Qd3 27. Rd2 Qxc4 28. Rxd8+ Bxd8 29. Nd2 Qd5 30. Rd1 Bb6 31. Nf1 Qe5 32. Qb4 Bc5 33. Qd2 g3 34. hxg3 hxg3 35. Nxg3 Qxg3 36. Qc2 Qe5 37. Qd2 Bb6 38. Re1 Qxb5 39. Qd6+ Bc7 40. Qf8+ Bc8 41. Qxf7 Qc5 42. Qf6 Qd6 43. Qh4 Qf4 44. Qh7 Bb6 45. Rf1 a5 46. Qh3 Be6 47. Qc3 Bc4 0-1

[Event "2025 Welsh Closed Chess Championship"]
[Site "Mercure Cardiff North Hotel, Circle Way East, Llanedeyrn, Cardiff CF23 9XF"]
[Date "2025.04.19"]
[Round "3"]
[Board "5"]
[White "Musson, Adam J"]
[Black "Toczek, Grzegorz"]
[Result "0-1"]
[WhiteElo "2012"]
[BlackElo "2233"]
[PlyCount "68"]
[GameId "2191925433702035"]
[EventDate "2025.04.18"]
[EventRounds "7"]
[EventCountry "WLS"]

1. e4 c5 2. Nf3 d6 3. Bb5+ Nd7 4. c3 Ngf6 5. Bd3 b6 6. O-O Bb7 7. Re1 Qc7 8. Bc2 Rc8 9. d3 g6 10. h3 Bg7 11. Bf4 e5 12. Be3 O-O 13. Nbd2 d5 14. Bg5 h6 15. Bh4 Rfe8 16. Ba4 a6 17. Bxd7 Qxd7 18. Bxf6 Bxf6 19. c4 d4 20. Nf1 Bg7 21. Nh4 Kh7 22. Qg4 Qe7 23. g3 Rc6 24. Kg2 Bf6 25. Kh2 Bc8 26. Qf3 Bxh4 27. gxh4 Rf6 28. Qe2 Rf4 29. Ng3 Rxh4 30. Rh1 Bxh3 31. Kg1 Qg5 32. Rh2 Re6 33. Rd1 Rf6 34. Qd2 Rff4 0-1

[Event "2025 Welsh Closed Chess Championship"]
[Site "Mercure Cardiff North Hotel, Circle Way East, Llanedeyrn, Cardiff CF23 9XF"]
[Date "2025.04.19"]
[Round "3"]
[Board "6"]
[White "Thomas, Roy"]
[Black "Freeland, Alex"]
[Result "0-1"]
[WhiteElo "1855"]
[BlackElo "2018"]
[PlyCount "82"]
[GameId "2191925433714324"]
[EventDate "2025.04.18"]
[EventRounds "7"]
[EventCountry "WLS"]

1. f4 d5 2. e3 c5 3. Nf3 Bg4 4. Bb5+ Nd7 5. b3 a6 6. Bxd7+ Qxd7 7. Bb2 Nf6 8. d3 e6 9. Nbd2 Be7 10. O-O b5 11. Qe1 Bxf3 12. Nxf3 O-O 13. Qg3 Rfc8 14. Ne5 Qc7 15. Ng4 Ne8 16. Be5 Qc6 17. f5 f6 18. fxe6 Qxe6 19. Bb2 c4 20. Nh6+ Kh8 21. Nf5 c3 22. Bc1 Bc5 23. Qf4 Nd6 24. Nd4 Qe5 25. a4 b4 26. Kh1 Qxf4 27. Rxf4 Re8 28. Kg1 Re7 29. Nf5 Nxf5 30. Rxf5 Re5 31. Rxe5 fxe5 32. Kf2 e4 33. d4 Bd6 34. g3 a5 35. Rb1 Rf8+ 36. Ke2 g5 37. Bb2 cxb2 38. Rxb2 g4 39. Rb1 Be7 40. Rc1 Bg5 41. c3 Rf3 0-1

[Event "2025 Welsh Closed Chess Championship"]
[Site "Mercure Cardiff North Hotel, Circle Way East, Llanedeyrn, Cardiff CF23 9XF"]
[Date "2025.04.19"]
[Round "3"]
[Board "7"]
[White "Tuson, Jon"]
[Black "Szakmany, Bence"]
[Result "1-0"]
[WhiteElo "1806"]
[BlackElo "2017"]
[PlyCount "39"]
[GameId "2191925433730709"]
[EventDate "2025.04.18"]
[EventRounds "7"]
[EventCountry "WLS"]

1. Nf3 d5 2. d4 Nf6 3. c4 e6 4. Nc3 dxc4 5. g3 Nbd7 6. Bg2 c6 7. a4 b6 8. O-O Bd6 9. Nd2 Ba6 10. Bxc6 Rc8 11. Bg2 O-O 12. Nf3 Bb7 13. Re1 Ne4 14. Qc2 Nxc3 15. bxc3 Re8 16. Ng5 Bxg2 17. Qxh7+ Kf8 18. Qh8+ Ke7 19. Qxg7 Rf8 20. Nh7 1-0

[Event "2025 Welsh Closed Chess Championship"]
[Site "Mercure Cardiff North Hotel, Circle Way East, Llanedeyrn, Cardiff CF23 9XF"]
[Date "2025.04.19"]
[Round "3"]
[Board "8"]
[White "Kong, Emma Zihan"]
[Black "Fathallah, Joe"]
[Result "1/2-1/2"]
[WhiteElo "1818"]
[BlackElo "1979"]
[PlyCount "55"]
[GameId "2191925433738902"]
[EventDate "2025.04.18"]
[EventRounds "7"]
[EventCountry "WLS"]

1. d4 e6 2. c4 f5 3. g3 Nf6 4. Nc3 d5 5. Bg2 c6 6. a3 Bd6 7. f3 Qc7 8. c5 Be7 9. Bf4 Qd8 10. e4 dxe4 11. fxe4 O-O 12. Nge2 Nbd7 13. Qb3 fxe4 14. Qxe6+ Kh8 15. Qc4 Qe8 16. O-O b5 17. Qb3 Nxc5 18. dxc5 Bxc5+ 19. Kh1 Qh5 20. Nxe4 Nxe4 21. Bxe4 Qxe2 22. Bf3 Be6 23. Qc3 Qc4 24. Bxc6 Bd5+ 25. Bxd5 Qxd5+ 26. Qf3 Qxf3+ 27. Rxf3 Rae8 28. Rd3 1/2-1/2

[Event "2025 Welsh Closed Chess Championship"]
[Site "Mercure Cardiff North Hotel, Circle Way East, Llanedeyrn, Cardiff CF23 9XF"]
[Date "2025.04.19"]
[Round "3"]
[Board "9"]
[White "Beeston, Darson"]
[Black "Davis, Lee"]
[Result "0-1"]
[WhiteElo "1692"]
[BlackElo "1905"]
[PlyCount "84"]
[GameId "2191925433747095"]
[EventDate "2025.04.18"]
[EventRounds "7"]
[EventCountry "WLS"]

1. e4 g6 2. d4 d6 3. Nc3 Bg7 4. Nf3 Nf6 5. Be2 O-O 6. O-O Bg4 7. h3 Bxf3 8. Bxf3 e5 9. d5 Nbd7 10. a3 a5 11. Bg5 h6 12. Bxf6 Nxf6 13. Ne2 Nh7 14. c4 Ng5 15. Nc3 f5 16. b4 axb4 17. axb4 Rxa1 18. Qxa1 Nxf3+ 19. gxf3 Qg5+ 20. Kh1 fxe4 21. fxe4 Rf3 22. Qa8+ Kh7 23. Qc8 Rxc3 24. Ra1 Rc1+ 25. Rxc1 Qxc1+ 26. Kg2 Qxc4 27. Qxb7 Qxe4+ 28. f3 Qc4 29. Qc6 Qxb4 30. Qxc7 Qd2+ 31. Kg3 Qxd5 32. Qe7 Qd2 33. Qe6 d5 34. h4 d4 35. h5 Qg5+ 36. Kf2 Qxh5 37. Qd5 Qf5 38. Qc4 e4 39. Ke1 Qxf3 40. Qe6 d3 41. Kd2 Qe2+ 42. Kc1 Qc2# 0-1

[Event "2025 Welsh Closed Chess Championship"]
[Site "Mercure Cardiff North Hotel, Circle Way East, Llanedeyrn, Cardiff CF23 9XF"]
[Date "2025.04.19"]
[Round "3"]
[Board "10"]
[White "Mcgregor, John"]
[Black "Shevchenko, Danylo"]
[Result "1-0"]
[WhiteElo "1868"]
[BlackElo "1757"]
[PlyCount "31"]
[GameId "2191925433755288"]
[EventDate "2025.04.18"]
[EventRounds "7"]
[EventCountry "WLS"]

1. e4 e5 2. Nf3 Nc6 3. Bc4 Bc5 4. c3 Nf6 5. d4 exd4 6. cxd4 Bb4+ 7. Nc3 d6 8. d5 Ne5 9. Qa4+ Bd7 10. Qxb4 a5 11. Qb3 a4 12. Qb4 c5 13. dxc6 bxc6 14. Nxe5 dxe5 15. O-O Qc7 16. Be3 1-0

[Event "2025 Welsh Closed Chess Championship"]
[Site "Mercure Cardiff North Hotel, Circle Way East, Llanedeyrn, Cardiff CF23 9XF"]
[Date "2025.04.19"]
[Round "3"]
[Board "11"]
[White "Jukes, Sam"]
[Black "Pleasants, Allan J"]
[Result "1/2-1/2"]
[WhiteElo "1951"]
[BlackElo "1985"]
[PlyCount "73"]
[GameId "2191925433763481"]
[EventDate "2025.04.18"]
[EventRounds "7"]
[EventCountry "WLS"]

1. e4 d6 2. d4 Nf6 3. Nc3 c6 4. f4 Qa5 5. Bd3 e5 6. dxe5 dxe5 7. fxe5 Ng4 8. Nf3 Bb4 9. Bd2 Nxe5 10. Nxe5 Qxe5 11. Qf3 Be6 12. a3 Be7 13. Nd1 Qf6 14. Bc3 Qxf3 15. gxf3 f6 16. Ne3 g6 17. O-O-O Nd7 18. Bc4 Nf8 19. Rhe1 Rd8 20. Rxd8+ Kxd8 21. Nd5 cxd5 22. exd5 Bxd5 23. Bxd5 b6 24. Bf7 Nd7 25. Rd1 Kc7 26. Be6 Rd8 27. Re1 Bd6 28. h3 Bf4+ 29. Kb1 Ne5 30. Re4 g5 31. Rd4 Rxd4 32. Bxd4 Nxf3 33. Bxf6 Kd6 34. Bf5 h5 35. c3 Ne5 36. Kc2 g4 37. Bxe5+ 1/2-1/2

[Event "2025 Welsh Closed Chess Championship"]
[Site "Mercure Cardiff North Hotel, Circle Way East, Llanedeyrn, Cardiff CF23 9XF"]
[Date "2025.04.19"]
[Round "3"]
[Board "12"]
[White "Korovski, Georgi"]
[Black "Turner, Joseph David"]
[Result "1-0"]
[WhiteElo "1697"]
[BlackElo "1819"]
[PlyCount "73"]
[GameId "2191925433771674"]
[EventDate "2025.04.18"]
[EventRounds "7"]
[EventCountry "WLS"]

1. e4 e5 2. Nf3 Nc6 3. Bb5 a6 4. Ba4 d6 5. O-O Bg4 6. h3 h5 7. c3 Qf6 8. d3 Bxf3 9. Qxf3 Qxf3 10. gxf3 Nge7 11. f4 exf4 12. Bxf4 g5 13. Be3 b5 14. Bd1 g4 15. a4 b4 16. hxg4 hxg4 17. Nd2 bxc3 18. bxc3 Bg7 19. d4 Rg8 20. Bc2 Ng6 21. Kg2 Nce7 22. Rh1 c5 23. Rab1 cxd4 24. cxd4 Nc6 25. Nb3 Nb4 26. Bd1 Nd3 27. Kg3 d5 28. Nd2 dxe4 29. Nxe4 Rd8 30. Bg5 Rxd4 31. Rb8+ Kd7 32. Rxg8 Be5+ 33. f4 Ndxf4 34. Rd8+ Kc7 35. Rxd4 Ne2+ 36. Kxg4 Nxd4 37. Rh7 1-0

[Event "2025 Welsh Closed Chess Championship"]
[Site "Mercure Cardiff North Hotel, Circle Way East, Llanedeyrn, Cardiff CF23 9XF"]
[Date "2025.04.19"]
[Round "3"]
[Board "13"]
[White "Binks, Michael"]
[Black "Van Kemenade, Rudy"]
[Result "1-0"]
[WhiteElo "1937"]
[BlackElo "1945"]
[PlyCount "71"]
[GameId "2191925433779867"]
[EventDate "2025.04.18"]
[EventRounds "7"]
[EventCountry "WLS"]

1. d4 Nf6 2. c4 g6 3. Nc3 Bg7 4. e4 d6 5. Nf3 O-O 6. Be2 e5 7. h3 Nc6 8. d5 Ne7 9. Be3 Ne8 10. g4 f5 11. g5 fxe4 12. Nd2 Nf5 13. Ndxe4 Nxe3 14. fxe3 c6 15. h4 Bf5 16. Ng3 Qb6 17. Qd2 Nc7 18. e4 Bd7 19. O-O-O c5 20. h5 Qa5 21. hxg6 hxg6 22. Rh2 Rf4 23. Rdh1 a6 24. Qd3 b5 25. Rh7 bxc4 26. Qd2 Nb5 27. Bxc4 Nxc3 28. Qh2 Nxe4 29. Nxe4 Qd8 30. Rh8+ Kf7 31. Rxd8 Rxd8 32. Rf1 Bf5 33. Rxf4 exf4 34. Qxf4 Be5 35. Qf3 Rb8 36. Ng3 1-0

[Event "2025 Welsh Closed Chess Championship"]
[Site "Mercure Cardiff North Hotel, Circle Way East, Llanedeyrn, Cardiff CF23 9XF"]
[Date "2025.04.19"]
[Round "4"]
[Board "1"]
[White "Cave, Iwan"]
[Black "Camacho Collados, Jose"]
[Result "1/2-1/2"]
[WhiteElo "2056"]
[BlackElo "2316"]
[PlyCount "119"]
[GameId "2191925669609691"]
[EventDate "2025.04.18"]
[EventRounds "7"]
[EventCountry "WLS"]

1. e4 c5 2. Nf3 e6 3. d4 cxd4 4. Nxd4 Nf6 5. Nc3 Nc6 6. a3 d6 7. Be3 Be7 8. Be2 e5 9. Nf3 O-O 10. O-O Ng4 11. Qd2 Be6 12. Rfd1 Rc8 13. Rac1 Re8 14. Nd5 Bxd5 15. exd5 Nxe3 16. Qxe3 Nd4 17. c3 Nxf3+ 18. Qxf3 e4 19. Qh3 Bg5 20. Rc2 g6 21. Bb5 Re5 22. Qd7 Qxd7 23. Bxd7 Rc7 24. Ba4 e3 25. Re2 f5 26. fxe3 Bxe3+ 27. Kh1 f4 28. Rf1 Kg7 29. g3 g5 30. Bb3 Kf6 31. Kg2 h5 32. gxf4 gxf4 33. Kf3 Rg7 34. Rg2 Rxg2 35. Kxg2 Rg5+ 36. Kf3 Ke5 37. a4 h4 38. Bc4 h3 39. Re1 Rg2 40. Re2 Rg1 41. Rc2 a5 42. b4 axb4 43. cxb4 Kd4 44. Bb5 Kxd5 45. Bd7 Rf1+ 46. Ke2 Rf2+ 47. Kd3 Rxc2 48. Kxc2 Kc4 49. b5 Bg1 50. a5 Bxh2 51. a6 bxa6 52. bxa6 Bg1 53. Bxh3 Bb6 54. Bg2 d5 55. Kd2 d4 56. Be4 Ba7 57. Ke2 Kc3 58. Kf3 Bb8 59. a7 Bxa7 60. Kxf4 1/2-1/2

[Event "2025 Welsh Closed Chess Championship"]
[Site "Mercure Cardiff North Hotel, Circle Way East, Llanedeyrn, Cardiff CF23 9XF"]
[Date "2025.04.19"]
[Round "4"]
[Board "2"]
[White "Blackburn, Jonathan L B"]
[Black "Bullen, Alex"]
[Result "1/2-1/2"]
[WhiteElo "2205"]
[BlackElo "2160"]
[PlyCount "75"]
[GameId "2191925669621980"]
[EventDate "2025.04.18"]
[EventRounds "7"]
[EventCountry "WLS"]

1. Nf3 d5 2. g3 Bg4 3. Bg2 c6 4. c4 e6 5. Qb3 Qb6 6. Qxb6 axb6 7. cxd5 Bxf3 8. Bxf3 cxd5 9. Na3 Ra5 10. d4 Nc6 11. Nc2 Nf6 12. Bd2 Ra8 13. e3 Kd7 14. Be2 Ne4 15. f3 Nxd2 16. Kxd2 Be7 17. Bb5 Rhc8 18. Kd3 Kd8 19. e4 Ra5 20. a4 Nb4+ 21. Nxb4 Bxb4 22. exd5 exd5 23. Rhf1 Rc7 24. Rf2 Re7 25. Rc1 Ra8 26. Re2 Rxe2 27. Kxe2 f6 28. Bd3 Rxa4 29. Bxh7 Ra2 30. Rc2 Kd7 31. Bf5+ Kd6 32. h4 Ra1 33. Bc8 Re1+ 34. Kf2 Re7 35. h5 Rc7 36. Rxc7 Kxc7 37. Bf5 Bd2 38. Ke2 1/2-1/2

[Event "2025 Welsh Closed Chess Championship"]
[Site "Mercure Cardiff North Hotel, Circle Way East, Llanedeyrn, Cardiff CF23 9XF"]
[Date "2025.04.19"]
[Round "4"]
[Board "3"]
[White "Toczek, Grzegorz"]
[Black "Mcgregor, John"]
[Result "1-0"]
[WhiteElo "2233"]
[BlackElo "1868"]
[PlyCount "79"]
[GameId "2191925669634269"]
[EventDate "2025.04.18"]
[EventRounds "7"]
[EventCountry "WLS"]

1. e4 c5 2. Nf3 Nc6 3. Bb5 e6 4. O-O Nge7 5. b3 Nd4 6. Nxd4 cxd4 7. Ba3 a6 8. Bd3 d6 9. f4 Nc6 10. Qg4 g6 11. Qg3 Bd7 12. Kh1 Qa5 13. c3 dxc3 14. dxc3 O-O-O 15. Bb2 Bg7 16. Nd2 f5 17. Nc4 Qc7 18. Qe3 Kb8 19. Nb6 fxe4 20. Nxd7+ Rxd7 21. Qxe4 e5 22. Qd5 Rf8 23. fxe5 Rxf1+ 24. Rxf1 Bxe5 25. Be4 Ne7 26. Rf8+ Ka7 27. Qd3 Nc8 28. Bc1 Rf7 29. Be3+ Kb8 30. Rxf7 Qxf7 31. c4 Ne7 32. Bg1 Qf4 33. a4 Nf5 34. g3 Qg4 35. Kg2 Ne7 36. Bf3 Qd7 37. Qe4 Nc6 38. Qd5 Kc7 39. b4 Kd8 40. b5 1-0

[Event "2025 Welsh Closed Chess Championship"]
[Site "Mercure Cardiff North Hotel, Circle Way East, Llanedeyrn, Cardiff CF23 9XF"]
[Date "2025.04.19"]
[Round "4"]
[Board "4"]
[White "Kett, Tim"]
[Black "Tuson, Jon"]
[Result "1-0"]
[WhiteElo "2089"]
[BlackElo "1806"]
[PlyCount "61"]
[GameId "2191925669642462"]
[EventDate "2025.04.18"]
[EventRounds "7"]
[EventCountry "WLS"]

1. e4 d6 2. d4 Nf6 3. Nc3 g6 4. Be3 c6 5. Qd2 b5 6. f3 Nbd7 7. O-O-O Qa5 8. Kb1 Nb6 9. Nd5 Qxd2 10. Nxf6+ exf6 11. Bxd2 Bg7 12. d5 c5 13. Bxb5+ Ke7 14. Bc3 Rb8 15. b3 a6 16. Bf1 c4 17. Ne2 cxb3 18. axb3 Bd7 19. Nd4 Rhc8 20. Bb2 a5 21. Ba6 Rc5 22. Ba3 Na4 23. Bxc5 Nc3+ 24. Kc1 Bh6+ 25. Kb2 Na4+ 26. Ka3 Nxc5 27. Bc4 Bf4 28. g3 Be5 29. f4 Bxd4 30. Rxd4 a4 31. b4 1-0

[Event "2025 Welsh Closed Chess Championship"]
[Site "Mercure Cardiff North Hotel, Circle Way East, Llanedeyrn, Cardiff CF23 9XF"]
[Date "2025.04.19"]
[Round "4"]
[Board "5"]
[White "Davis, Lee"]
[Black "Freeland, Alex"]
[Result "0-1"]
[WhiteElo "1905"]
[BlackElo "2018"]
[PlyCount "106"]
[GameId "2191925669646559"]
[EventDate "2025.04.18"]
[EventRounds "7"]
[EventCountry "WLS"]

1. d4 Nf6 2. c4 e6 3. g3 d5 4. Bg2 dxc4 5. Nf3 b5 6. a4 c6 7. O-O Bb7 8. b3 cxb3 9. Qxb3 a6 10. Bb2 Nbd7 11. Nbd2 Be7 12. Rfd1 O-O 13. Ne5 Nd5 14. Rac1 Nxe5 15. dxe5 Qb6 16. a5 Qxa5 17. Ne4 Rac8 18. Nc5 Bxc5 19. Rxc5 Rfd8 20. Ba3 Qc7 21. f4 Nb6 22. Rcc1 Na4 23. Rxd8+ Qxd8 24. e3 Qd7 25. Rd1 Qc7 26. Qd3 h6 27. Qd7 Nb6 28. Qxc7 Rxc7 29. Rd8+ Kh7 30. Be4+ g6 31. Bc5 Nc8 32. Bd6 Nxd6 33. exd6 Rc8 34. Rd7 Ba8 35. Rxf7+ Kg8 36. Ra7 b4 37. Rxa6 Kf8 38. Ra4 b3 39. Ra3 Rb8 40. Bxg6 c5 41. Ra7 Bb7 42. Kf2 c4 43. Ke2 c3 44. Kd1 Bf3+ 45. Kc1 c2 46. Kb2 Bb7 47. Bd3 Rc8 48. Ra1 Rc6 49. Be2 Rc5 50. Bh5 Rxh5 51. Kxb3 Rc5 52. Rc1 Be4 53. Kb4 Rd5 0-1

[Event "2025 Welsh Closed Chess Championship"]
[Site "Mercure Cardiff North Hotel, Circle Way East, Llanedeyrn, Cardiff CF23 9XF"]
[Date "2025.04.19"]
[Round "4"]
[Board "6"]
[White "Harakis, Alexis M"]
[Black "Young, Alan"]
[Result "1-0"]
[WhiteElo "2224"]
[BlackElo "1991"]
[PlyCount "81"]
[GameId "2191925669650656"]
[EventDate "2025.04.18"]
[EventRounds "7"]
[EventCountry "WLS"]

1. d4 Nf6 2. c4 e6 3. Nc3 Bb4 4. e3 b6 5. Nge2 Bb7 6. a3 Be7 7. Ng3 d6 8. e4 Nbd7 9. Bd3 c5 10. d5 O-O 11. O-O a6 12. a4 Re8 13. f4 exd5 14. exd5 Bf8 15. Bd2 Rc8 16. Qf3 Qc7 17. Nh1 g6 18. g4 Bg7 19. Ng3 Re7 20. g5 Ne8 21. Rae1 Qd8 22. Nge4 Bd4+ 23. Kg2 Rc7 24. b3 Bc8 25. Ne2 Bh8 26. N2g3 Rb7 27. Nf2 Bg7 28. Rxe7 Qxe7 29. Re1 Qd8 30. Qe2 Kf8 31. Ng4 b5 32. cxb5 axb5 33. Bxb5 Nc7 34. Ba5 Ra7 35. Qd2 Bb7 36. Ne4 Rxa5 37. Qxa5 Bxd5 38. Kg3 Nb8 39. Nef6 Be6 40. Ne8 Nba6 41. Nxg7 1-0

[Event "2025 Welsh Closed Chess Championship"]
[Site "Mercure Cardiff North Hotel, Circle Way East, Llanedeyrn, Cardiff CF23 9XF"]
[Date "2025.04.19"]
[Round "4"]
[Board "7"]
[White "Fathallah, Joe"]
[Black "Musson, Adam J"]
[Result "1-0"]
[WhiteElo "1979"]
[BlackElo "2012"]
[PlyCount "89"]
[GameId "2191925669658849"]
[EventDate "2025.04.18"]
[EventRounds "7"]
[EventCountry "WLS"]

1. b3 c5 2. Bb2 Nc6 3. f4 d6 4. Nf3 Nf6 5. g3 e6 6. Bg2 Be7 7. O-O Qc7 8. d3 e5 9. e4 Bd7 10. a4 Nd4 11. fxe5 dxe5 12. Na3 Be6 13. Nc4 Nd7 14. c3 Nxf3+ 15. Qxf3 Bf6 16. Ne3 Qb6 17. Ra3 c4 18. a5 Qc5 19. b4 Qb5 20. Nxc4 Bxc4 21. dxc4 Qxc4 22. Rd1 Rd8 23. Bf1 Qc6 24. c4 Be7 25. c5 O-O 26. Rad3 b6 27. cxb6 axb6 28. Bh3 Nf6 29. Rxd8 Bxd8 30. a6 b5 31. Bxe5 Bb6+ 32. Kh1 Nxe4 33. Bg2 Qc2 34. Rf1 f5 35. Bf4 Qa2 36. Be3 Qxa6 37. Bxb6 Qxb6 38. Qb3+ Kh8 39. Bxe4 Qd4 40. Bg2 h6 41. Qb1 Re8 42. Rxf5 Qd2 43. Rf1 Kg8 44. Qf5 Qe2 45. Qf3 1-0

[Event "2025 Welsh Closed Chess Championship"]
[Site "Mercure Cardiff North Hotel, Circle Way East, Llanedeyrn, Cardiff CF23 9XF"]
[Date "2025.04.19"]
[Round "4"]
[Board "8"]
[White "Spice, Alan"]
[Black "Korovski, Georgi"]
[Result "0-1"]
[WhiteElo "1999"]
[BlackElo "1697"]
[PlyCount "96"]
[GameId "2191925669662946"]
[EventDate "2025.04.18"]
[EventRounds "7"]
[EventCountry "WLS"]

1. Nc3 d6 2. d4 g6 3. e4 Bg7 4. Nf3 a6 5. a4 b6 6. Bc4 e6 7. O-O Ne7 8. Re1 O-O 9. Bg5 h6 10. Be3 Bb7 11. Qd2 Kh7 12. h4 Ng8 13. h5 Qe7 14. hxg6+ fxg6 15. Rad1 Nd7 16. Qd3 a5 17. Bc1 Rad8 18. Ba2 c5 19. dxc5 Nxc5 20. Qe3 Nf6 21. e5 Ng4 22. exd6 Rxd6 23. Qe2 Rxf3 24. gxf3 Ne5 25. Ne4 Rxd1 26. Qxd1 Qh4 27. Re3 Nxe4 28. fxe4 Bxe4 29. Rxe4 Qxe4 30. f4 Nf3+ 31. Kf2 Bd4+ 32. Kg3 Ne1 33. Qd2 Qf3+ 34. Kh2 Qf1 35. Kg3 Qg1+ 36. Kh3 Nf3 37. Qg2 Qxg2+ 38. Kxg2 Ne1+ 39. Kg3 e5 40. c3 exf4+ 41. Kxf4 Nd3+ 42. Ke4 Nxc1 43. Bc4 Bc5 44. Kd5 g5 45. Kc6 g4 46. Kb5 h5 47. b4 axb4 48. cxb4 Bf2 0-1

[Event "2025 Welsh Closed Chess Championship"]
[Site "Mercure Cardiff North Hotel, Circle Way East, Llanedeyrn, Cardiff CF23 9XF"]
[Date "2025.04.19"]
[Round "4"]
[Board "9"]
[White "Pleasants, Allan J"]
[Black "Kong, Emma Zihan"]
[Result "1/2-1/2"]
[WhiteElo "1985"]
[BlackElo "1818"]
[PlyCount "84"]
[GameId "2191925669671139"]
[EventDate "2025.04.18"]
[EventRounds "7"]
[EventCountry "WLS"]

1. d4 d5 2. Nf3 Nf6 3. e3 Bg4 4. c4 e6 5. h3 Bxf3 6. Qxf3 c5 7. Nc3 cxd4 8. exd4 Nc6 9. cxd5 Nxd4 10. Qd1 e5 11. Be3 Bc5 12. Bc4 O-O 13. O-O Rc8 14. Rc1 Nf5 15. Bg5 Ng3 16. Re1 h6 17. Qf3 Ngh5 18. Bxf6 Nxf6 19. Ne4 Nxe4 20. Qxe4 Bd4 21. Qe2 Qg5 22. Rcd1 a6 23. b3 b5 24. Bd3 f5 25. a4 bxa4 26. Bxa6 Rc3 27. bxa4 Rg3 28. Qf1 Rxh3 29. Rxd4 exd4 30. d6 Rd8 31. Qc4+ Kh7 32. Qd5 Rc3 33. Qxd4 Rc1 34. Rxc1 Qxc1+ 35. Kh2 Qc6 36. Bd3 Qxd6+ 37. Qxd6 Rxd6 38. Bxf5+ g6 39. Be4 Rd4 40. Bc6 Rd2 41. f3 Kg7 42. Bb7 Ra2 1/2-1/2